000 00311nam a2200157Ia 4500
100 _aComer/ D E
250 _a2
942 _cBK
654 _aComputer
245 _aThe Internet
260 _bPrentice Hall
_aNew Delhi
_c1997
082 _a4.65
_bCOM
300 _a327
546 _aENGLISH
999 _c29730
_d29730